[Event "Karlsruhe Grenke op"]
[Site "Karlsruhe"]
[Date "2024.04.01"]
[Round "9"]
[White "Meier, Georg"]
[Black "Lumachi, Gabriele"]
[Result "1/2-1/2"]
[WhiteElo "2620"]
[BlackElo "2413"]
[PlyCount "75"]
[EventDate "2024.03.28"]
[EventType "swiss"]
[EventRounds "9"]
[EventCountry "GER"]
[SourceTitle "CB14_2024"]
[SourceDate "2024.04.01"]
[SourceVersion "1"]
[SourceVersionDate "2024.04.01"]
[SourceQuality "1"]

1. Nf3 Nf6 2. g3 b6 3. Bg2 Bb7 4. c4 e6 5. 0-0 Be7 6. d4 0-0 7. Nc3 Ne4 8. Bd2 d6 9. d5 Nxc3 10. Bxc3 e5 11. Nxe5 dxe5 12. d6 Bxg2 13. dxe7 Qxe7 14. Kxg2 Rd8 15. Qa4 Qe6 16. Rfd1 Nd7 17. Kg1 a5 18. Bd2 h5 19. Be3 Nf6 20. Bg5 Qf5 21. Bxf6 Qxf6 22. Rxd8+ Rxd8 23. Rd1 Rxd1+ 24. Qxd1 e4 25. b3 g6 26. h4 Qe5 27. e3 Qe7 28. Qd4 c5 29. Qd5 Kg7 30. Kg2 Qe6 31. Qb7 Qg4 32. Qd5 Qe6 33. Qd2 Qe5 34. Qd1 Qe6 35. Qc2 Qf5 36. Qd1 Qe5 37. Qd8 Qf6 38. Qc7 1/2-1/2

[Event "Karlsruhe Grenke op"]
[Site "Karlsruhe"]
[Date "2024.03.29"]
[Round "2"]
[White "Schnepp, Gunnar"]
[Black "Meier, Georg"]
[Result "0-1"]
[WhiteElo "2252"]
[BlackElo "2620"]
[PlyCount "64"]
[EventDate "2024.03.28"]
[EventType "swiss"]
[EventRounds "9"]
[EventCountry "GER"]
[SourceTitle "CB14_2024"]
[SourceDate "2024.04.01"]
[SourceVersion "1"]
[SourceVersionDate "2024.04.01"]
[SourceQuality "1"]

1. d4 e6 2. c4 b6 3. e4 Bb4+ 4. Nd2 Bb7 5. Qc2 c5 6. Ngf3 cxd4 7. Nxd4 Nc6 8. Nxc6 dxc6 9. a3 Be7 10. Be2 Nf6 11. e5 Nd7 12. Nf3 c5 13. h4 Qc7 14. Bf4 0-0-0 15. Qc3 Nf8 16. h5 h6 17. Rh3 Be4 18. Qe3 Bf5 19. Rg3 g5 20. hxg6 Nxg6 21. Bxh6 Rd4 22. Nxd4 cxd4 23. Qd2 Qxe5 24. 0-0-0 Bh4 25. f4 Qd6 26. Rxg6 Bxg6 27. Bg7 Rd8 28. Qxd4 Qc6 29. Qe3 Rxd1+ 30. Kxd1 Qxg2 31. c5 Qd5+ 32. Qd4 Qh1+ 0-1

[Event "Bundesliga 2324"]
[Site "Germany"]
[Date "2023.12.03"]
[Round "4.6"]
[White "Parvanyan, Ashot"]
[Black "Meier, Georg"]
[Result "1-0"]
[WhiteElo "2409"]
[BlackElo "2628"]
[PlyCount "71"]
[EventDate "2023.10.21"]
[EventType "team-tourn"]
[EventRounds "15"]
[EventCountry "GER"]
[SourceTitle "CB49_2023"]
[SourceDate "2023.12.06"]
[SourceVersion "1"]
[SourceVersionDate "2023.12.06"]
[SourceQuality "1"]
[WhiteTeam "Kiel Turm"]
[BlackTeam "Viernheim"]
[WhiteTeamCountry "GER"]
[BlackTeamCountry "GER"]

1. Nf3 Nf6 2. c4 e6 3. g3 b6 4. Bg2 Bb7 5. 0-0 c5 6. Nc3 Be7 7. Re1 Ne4 8. Nxe4 Bxe4 9. d3 Bb7 10. e4 Nc6 11. d4 cxd4 12. Nxd4 Nxd4 13. Qxd4 0-0 14. Bf4 Qc8 15. b3 Bc6 16. Bd6 Bxd6 17. Qxd6 a5 18. Rad1 Qb7 19. Rd4 Rae8 20. Rd2 f5 21. Qe5 d5 22. exd5 exd5 23. Qxe8 Rxe8 24. Rxe8+ Kf7 25. Rd8 Qe7 26. Bxd5+ Bxd5 27. R8xd5 Kg6 28. Rd6+ Kh5 29. R2d4 g5 30. h3 Qf8 31. Rxb6 f4 32. Kg2 fxg3 33. fxg3 Qg7 34. Rbd6 Qb7+ 35. R4d5 Qg7 36. c5 1-0

[Event "AI Cup Div 3 L"]
[Site "Chess.com INT"]
[Date "2023.09.27"]
[Round "4.1"]
[White "Meier, Georg"]
[Black "Kovalev, Vladislav"]
[Result "1/2-1/2"]
[WhiteElo "2628"]
[BlackElo "2582"]
[PlyCount "60"]
[EventDate "2023.09.25"]
[EventType "k.o. (rapid)"]
[EventRounds "8"]
[EventCountry "USA"]
[SourceTitle "EXT 2024"]
[Source "ChessBase"]
[SourceDate "2023.10.10"]
[SourceVersion "1"]
[SourceVersionDate "2023.10.10"]
[SourceQuality "1"]

1. Nf3 Nf6 2. g3 b6 3. Bg2 Bb7 4. 0-0 e6 5. c4 Be7 6. Nc3 0-0 7. d4 d5 8. Ne5 c6 9. e4 dxc4 10. Nxc4 Nbd7 11. b3 Re8 12. Bb2 b5 13. Ne3 Qb6 14. Rc1 Rad8 15. Qc2 c5 16. d5 exd5 17. Ncxd5 Nxd5 18. exd5 Bf6 19. Nf5 c4 20. Rfd1 Ne5 21. Bd4 Qa6 22. bxc4 bxc4 23. Ne3 Nd3 24. Bxf6 Qxf6 25. Rb1 Ba6 26. Rd2 Qd4 27. Nf5 Qf6 28. Ne3 Qd4 29. Nf5 Qe5 30. Ne3 Qd4 1/2-1/2

[Event "AI Cup Div 3 W"]
[Site "Chess.com INT"]
[Date "2023.09.26"]
[Round "3.2"]
[White "Robson, Ray"]
[Black "Meier, Georg"]
[Result "1-0"]
[WhiteElo "2699"]
[BlackElo "2628"]
[PlyCount "39"]
[EventDate "2023.09.25"]
[EventType "k.o. (rapid)"]
[EventRounds "7"]
[EventCountry "USA"]
[SourceTitle "EXT 2024"]
[Source "ChessBase"]
[SourceDate "2023.10.10"]
[SourceVersion "1"]
[SourceVersionDate "2023.10.10"]
[SourceQuality "1"]

1. e4 e6 2. d4 d5 3. Nc3 dxe4 4. Nxe4 Nd7 5. Nf3 Ngf6 6. Bd3 c5 7. Qe2 Nxe4 8. Qxe4 cxd4 9. Qxd4 Nc5 10. Qxd8+ Kxd8 11. Bc4 Bd6 12. Be3 Ke7 13. 0-0-0 b6 14. Rhe1 Bb7 15. Bg5+ f6 16. Nd4 Ne4 17. Be3 Bxh2 18. Nxe6 Nd6 19. Bb3 Bxg2 20. Bf4 1-0

[Event "AI Cup Div 3 W"]
[Site "Chess.com INT"]
[Date "2023.09.25"]
[Round "1.2"]
[White "Demchenko, Anton"]
[Black "Meier, Georg"]
[Result "0-1"]
[WhiteElo "2608"]
[BlackElo "2628"]
[PlyCount "124"]
[EventDate "2023.09.25"]
[EventType "k.o. (rapid)"]
[EventRounds "7"]
[EventCountry "USA"]
[SourceTitle "EXT 2024"]
[Source "ChessBase"]
[SourceDate "2023.10.10"]
[SourceVersion "1"]
[SourceVersionDate "2023.10.10"]
[SourceQuality "1"]

1. e4 e6 2. d3 d5 3. Nd2 Nf6 4. e5 Nfd7 5. f4 c5 6. Ndf3 b5 7. g3 Nc6 8. Bg2 Be7 9. Nh3 Nb6 10. 0-0 Qd7 11. Qe2 Bb7 12. Bd2 h6 13. c3 d4 14. Nf2 Rd8 15. cxd4 Nxd4 16. Nxd4 Bxg2 17. Kxg2 Qxd4 18. Be3 Qd5+ 19. Kg1 0-0 20. Rfd1 c4 21. dxc4 Qxc4 22. Kf1 Rxd1+ 23. Rxd1 Nd5 24. Bxa7 Qxa2 25. Bd4 Qa4 26. Ne4 Rc8 27. Nc3 Nxc3 28. bxc3 Qb3 29. Ra1 b4 30. cxb4 Bxb4 31. Bf2 Rc2 32. Qe4 Rxf2+ 33. Kxf2 Qb2+ 34. Kf3 Qxa1 35. Qxb4 Qh1+ 36. Ke3 Qxh2 37. Qb8+ Kh7 38. Qb1+ g6 39. Kf3 Kg7 40. Qd3 Qh3 41. Qd8 Qh5+ 42. Kf2 Qf5 43. Kf3 g5 44. Qe7 gxf4 45. gxf4 h5 46. Qh4 Kh7 47. Ke3 Qg4 48. Qf6 Qg3+ 49. Ke2 Qg6 50. Qe7 Qe4+ 51. Kd1 Qxf4 52. Qd6 h4 53. Ke2 Qg4+ 54. Kf2 h3 55. Qf8 Qg2+ 56. Ke3 Qg6 57. Qa8 h2 58. Qf3 Kg7 59. Ke2 Qg5 60. Qh3 Qxe5+ 61. Kd2 Qd5+ 62. Ke3 h1Q 0-1

[Event "AI Cup Div 3 W"]
[Site "Chess.com INT"]
[Date "2023.09.25"]
[Round "1.1"]
[White "Meier, Georg"]
[Black "Demchenko, Anton"]
[Result "1/2-1/2"]
[WhiteElo "2628"]
[BlackElo "2608"]
[PlyCount "76"]
[EventDate "2023.09.25"]
[EventType "k.o. (rapid)"]
[EventRounds "7"]
[EventCountry "USA"]
[SourceTitle "EXT 2024"]
[Source "ChessBase"]
[SourceDate "2023.10.10"]
[SourceVersion "1"]
[SourceVersionDate "2023.10.10"]
[SourceQuality "1"]

1. d4 Nf6 2. Nf3 g6 3. b3 Bg7 4. Bb2 0-0 5. Nbd2 d6 6. e3 b6 7. Bd3 Bb7 8. Qe2 a5 9. 0-0 a4 10. c4 Nc6 11. Bc3 axb3 12. axb3 e6 13. e4 Nh5 14. Qe3 Qf6 15. g3 e5 16. d5 Nd4 17. Kg2 c5 18. dxc6 Bxc6 19. Rxa8 Bxa8 20. Ra1 Rb8 21. h3 Nxf3 22. Nxf3 Qe7 23. Kg1 Bc6 24. Nd2 Nf6 25. Bb2 Qb7 26. b4 Bd7 27. Bf1 h5 28. b5 Qc8 29. h4 Ng4 30. Qe2 f5 31. Nf3 Qc7 32. Ng5 Rf8 33. c5 dxc5 34. Qc4+ Kh8 35. Nf7+ Kh7 36. Ng5+ Kh8 37. Nf7+ Kh7 38. Ng5+ Kh8 1/2-1/2

[Event "AI Cup Div 3 W"]
[Site "Chess.com INT"]
[Date "2023.09.25"]
[Round "2.2"]
[White "Rakhmanov, Alexander"]
[Black "Meier, Georg"]
[Result "0-1"]
[WhiteElo "2614"]
[BlackElo "2628"]
[PlyCount "98"]
[EventDate "2023.09.25"]
[EventType "k.o. (rapid)"]
[EventRounds "7"]
[EventCountry "USA"]
[SourceTitle "EXT 2024"]
[Source "ChessBase"]
[SourceDate "2023.10.10"]
[SourceVersion "1"]
[SourceVersionDate "2023.10.10"]
[SourceQuality "1"]

1. d4 e6 2. c4 b6 3. Nc3 Bb7 4. e3 Bb4 5. Nge2 Nf6 6. a3 Bd6 7. d5 c6 8. g3 cxd5 9. Bg2 Na6 10. 0-0 Nc7 11. cxd5 Ncxd5 12. Nxd5 exd5 13. Nc3 0-0 14. Nxd5 Nxd5 15. Bxd5 Bc6 16. Qb3 Be5 17. Rd1 Qf6 18. Rb1 Rac8 19. Bg2 Rfd8 20. Bd2 Bxg2 21. Kxg2 Qc6+ 22. Kg1 h5 23. Bb4 d5 24. Qd3 g6 25. Qe2 d4 26. e4 a5 27. Be1 Qc2 28. Qd3 a4 29. b3 b5 30. bxa4 bxa4 31. Kg2 Re8 32. Qxc2 Rxc2 33. Rb4 Bf6 34. Rd2 Rc1 35. Re2 Rd8 36. Bd2 Rc2 37. f4 d3 38. Rf2 Bd4 39. Rxd4 Rxd4 40. Kf3 f5 41. exf5 gxf5 42. Ke3 Rd5 43. Rf1 Rc4 44. Kf3 Re4 45. Rf2 Rb5 46. Bb4 Re2 47. Rf1 Rxh2 48. Rd1 Rd5 49. Ke3 Kf7 0-1

[Event "AI Cup Play In"]
[Site "Chess.com INT"]
[Date "2023.09.18"]
[Round "9"]
[White "Esipenko, Andrey"]
[Black "Meier, Georg"]
[Result "1-0"]
[WhiteElo "2683"]
[BlackElo "2628"]
[PlyCount "81"]
[EventDate "2023.09.18"]
[EventType "swiss (rapid)"]
[EventRounds "9"]
[EventCountry "USA"]
[SourceTitle "EXT 2024"]
[Source "ChessBase"]
[SourceDate "2023.10.10"]
[SourceVersion "1"]
[SourceVersionDate "2023.10.10"]
[SourceQuality "1"]

1. Nf3 d5 2. g3 Bg4 3. Bg2 e6 4. 0-0 Nf6 5. d3 Be7 6. Nbd2 0-0 7. h3 Bh5 8. g4 Bg6 9. Ne5 c5 10. e3 Nc6 11. Nxg6 hxg6 12. g5 Ne8 13. h4 Nd6 14. e4 Rc8 15. c3 b5 16. Qg4 dxe4 17. dxe4 c4 18. Nf3 b4 19. h5 gxh5 20. Qxh5 Qa5 21. Qh3 g6 22. Re1 bxc3 23. bxc3 Rfd8 24. Bf4 Nb5 25. Ne5 Qxc3 26. Qh2 Bd6 27. Ng4 Bxf4 28. Qxf4 Kf8 29. Rac1 Qd2 30. Qf6 c3 31. Nh6 Rc7 32. e5 Nbd4 33. Rcd1 Qxe1+ 34. Rxe1 c2 35. Kh2 Rb8 36. Rc1 Rb2 37. Bxc6 Nxc6 38. Qh8+ Ke7 39. Ng8+ Kd7 40. Nf6+ Ke7 41. Qe8# 1-0

[Event "AI Cup Play In"]
[Site "Chess.com INT"]
[Date "2023.09.18"]
[Round "5"]
[White "Mamedyarov, Shakhriyar"]
[Black "Meier, Georg"]
[Result "1/2-1/2"]
[WhiteElo "2734"]
[BlackElo "2628"]
[PlyCount "92"]
[EventDate "2023.09.18"]
[EventType "swiss (rapid)"]
[EventRounds "9"]
[EventCountry "USA"]
[SourceTitle "EXT 2024"]
[Source "ChessBase"]
[SourceDate "2023.10.10"]
[SourceVersion "1"]
[SourceVersionDate "2023.10.10"]
[SourceQuality "1"]

1. d4 e6 2. Nf3 Nf6 3. c4 Bb4+ 4. Nbd2 0-0 5. a3 Be7 6. e4 d6 7. Bd3 e5 8. 0-0 exd4 9. Nxd4 Nfd7 10. Re1 Bf6 11. Nc2 Nc5 12. Bf1 a5 13. Ne3 c6 14. Qc2 a4 15. Nd1 Nbd7 16. Nc3 Re8 17. Rb1 Nb6 18. Nf3 Bg4 19. Be3 Ne6 20. Qd2 Nd7 21. Be2 Ndc5 22. Rbd1 Bxc3 23. Qxc3 Nxe4 24. Qc2 N6c5 25. Ng5 Bxe2 26. Rxe2 Nxg5 27. Bxc5 Rxe2 28. Qxe2 Qe8 29. Qxe8+ Rxe8 30. Bxd6 Re2 31. Kf1 Rc2 32. c5 f6 33. Rd4 Rxb2 34. Rxa4 Kf7 35. h4 Ne6 36. g3 h5 37. Re4 g5 38. hxg5 fxg5 39. Kg2 Rc2 40. Rb4 Nxc5 41. Bxc5 Rxc5 42. Rxb7+ Kf6 43. Rc7 Kf5 44. a4 g4 45. a5 Rxa5 46. Rxc6 Kg5 1/2-1/2

[Event "AI Cup Play In"]
[Site "Chess.com INT"]
[Date "2023.09.18"]
[Round "4"]
[White "Meier, Georg"]
[Black "Duda, Jan Krzysztof"]
[Result "1/2-1/2"]
[WhiteElo "2628"]
[BlackElo "2726"]
[PlyCount "93"]
[EventDate "2023.09.18"]
[EventType "swiss (rapid)"]
[EventRounds "9"]
[EventCountry "USA"]
[SourceTitle "EXT 2024"]
[Source "ChessBase"]
[SourceDate "2023.10.10"]
[SourceVersion "1"]
[SourceVersionDate "2023.10.10"]
[SourceQuality "1"]

1. Nf3 Nf6 2. g3 d5 3. Bg2 c5 4. 0-0 Nc6 5. d4 e6 6. c4 dxc4 7. dxc5 Qxd1 8. Rxd1 Bxc5 9. Nfd2 Na5 10. Na3 Bxa3 11. bxa3 Bd7 12. Bb2 Rc8 13. Rdc1 b6 14. Rab1 0-0 15. Bc3 Nd5 16. Bxa5 c3 17. Bxd5 cxd2 18. Bxd2 exd5 19. Kf1 Rc4 20. Ke1 Re8 21. Rxc4 dxc4 22. Bc3 f6 23. Rd1 Bg4 24. Rd2 h5 25. Kd1 Kf7 26. f3 Be6 27. Rd4 Rc8 28. h4 Ke8 29. Kd2 Rc6 30. e4 b5 31. Bb4 c3+ 32. Bxc3 Bxa2 33. a4 a6 34. axb5 axb5 35. e5 fxe5 36. Re4 Rd6+ 37. Ke3 Re6 38. Rxe5 Kf7 39. Rxe6 Bxe6 40. Kf4 g6 41. g4 hxg4 42. fxg4 Bc4 43. Kg5 Be2 44. h5 gxh5 45. gxh5 Bxh5 46. Kxh5 b4 47. Bxb4 1/2-1/2

[Event "AI Cup Play In"]
[Site "Chess.com INT"]
[Date "2023.09.18"]
[Round "3"]
[White "Nakamura, Hikaru"]
[Black "Meier, Georg"]
[Result "0-1"]
[WhiteElo "2780"]
[BlackElo "2628"]
[PlyCount "162"]
[EventDate "2023.09.18"]
[EventType "swiss (rapid)"]
[EventRounds "9"]
[EventCountry "USA"]
[SourceTitle "EXT 2024"]
[Source "ChessBase"]
[SourceDate "2023.10.10"]
[SourceVersion "1"]
[SourceVersionDate "2023.10.10"]
[SourceQuality "1"]

1. Nf3 d5 2. b3 Bf5 3. Ba3 Nf6 4. e3 Nbd7 5. c4 e6 6. Bxf8 Nxf8 7. Nc3 N8d7 8. b4 c6 9. Be2 0-0 10. 0-0 h6 11. Qb3 Qe7 12. Rac1 Bg4 13. Ne1 Bxe2 14. Nxe2 a5 15. a3 axb4 16. axb4 Ne4 17. Nf3 Nd6 18. d3 Ra7 19. Ra1 Rfa8 20. Rxa7 Rxa7 21. h3 Qf6 22. Nc3 Ne5 23. Nxe5 Qxe5 24. cxd5 cxd5 25. Na4 b5 26. Nc5 Ra1 27. g3 Nf5 28. d4 Rxf1+ 29. Kxf1 Qf6 30. Ke2 Nd6 31. Qc2 Nc4 32. Qa2 h5 33. Qb1 Qd8 34. Qa1 Qf6 35. Qb1 Qd8 36. Nd3 g6 37. Nf4 Qf6 38. h4 Kg7 39. Nh3 Qe7 40. Nf4 Qa7 41. Nd3 Qa3 42. Qc2 Qa1 43. Qc1 Qa2+ 44. Kf3 Qb3 45. Ke2 Qa2+ 46. Ke1 Qb3 47. Qd1 Qc3+ 48. Ke2 Kf6 49. f3 Kg7 50. g4 hxg4 51. fxg4 Qa3 52. Kf3 Qa2 53. Qe2 Qb1 54. Kg2 Nd6 55. h5 Ne4 56. hxg6 Kxg6 57. Ne5+ Kg7 58. Qf3 Qc2+ 59. Kg1 Qc1+ 60. Kg2 Qc2+ 61. Kg1 f6 62. Nd7 Qc1+ 63. Kg2 Qd2+ 64. Kg1 Qxb4 65. g5 Qe1+ 66. Kg2 Qd2+ 67. Kg1 Qe1+ 68. Kg2 Qd2+ 69. Kg1 f5 70. Ne5 Qe1+ 71. Kg2 Qd2+ 72. Kg1 Qe1+ 73. Kg2 Qh4 74. g6 b4 75. Nd3 b3 76. Nf4 Qg4+ 77. Qxg4 fxg4 78. Nxe6+ Kxg6 79. Nf4+ Kf5 80. Nd3 Nd6 81. Kg3 Nc4 0-1

[Event "Julius Baer Rapid Div 3 L"]
[Site "Chess.com INT"]
[Date "2023.08.31"]
[Round "2.2"]
[White "Meier, Georg"]
[Black "Lupulescu, Constantin"]
[Result "0-1"]
[WhiteElo "2628"]
[BlackElo "2581"]
[PlyCount "92"]
[EventDate "2023.08.30"]
[EventType "k.o. (rapid)"]
[EventRounds "8"]
[EventCountry "GER"]
[SourceTitle "EXT 2024"]
[Source "ChessBase"]
[SourceDate "2023.10.10"]
[SourceVersion "1"]
[SourceVersionDate "2023.10.10"]
[SourceQuality "1"]

1. Nf3 d5 2. g3 Nd7 3. d4 Nb6 4. a4 a5 5. b3 c6 6. Ba3 Bf5 7. Nbd2 h6 8. Bg2 Nd7 9. Nh4 Bh7 10. e4 e6 11. Bxf8 Nxf8 12. e5 Ne7 13. 0-0 Nd7 14. Re1 0-0 15. Bf1 c5 16. dxc5 Nc6 17. Ndf3 Nxc5 18. Nd4 Ne4 19. Nxc6 bxc6 20. Qd4 c5 21. Qe3 d4 22. Qc1 Nc3 23. Ng2 Nd5 24. Qd2 Qb6 25. Bd3 Bxd3 26. Qxd3 Rfc8 27. Re4 Nb4 28. Qd2 c4 29. Rg4 Kh8 30. Ne1 cxb3 31. cxb3 d3 32. Rd1 Rd8 33. Rc4 Rd5 34. Nf3 Qb7 35. Qc3 Rd7 36. Nd2 Rad8 37. Ne4 Qd5 38. f3 Qa8 39. Qd2 Rd5 40. Qf4 Qa7+ 41. Kh1 Nc2 42. Nd6 f5 43. Rd2 Kg8 44. g4 fxg4 45. fxg4 Rf8 46. Qg3 Rf1+ 0-1

[Event "Speed Chess Q2 Sw"]
[Site "Chess.com INT"]
[Date "2023.08.23"]
[Round "14"]
[White "Meier, Georg"]
[Black "Shevchenko, Kirill"]
[Result "0-1"]
[WhiteElo "2629"]
[BlackElo "2675"]
[PlyCount "100"]
[EventDate "2023.08.23"]
[EventType "swiss (blitz)"]
[EventRounds "14"]
[EventCountry "USA"]
[SourceTitle "CBM 215 Extra"]
[Source "ChessBase"]
[SourceDate "2023.09.30"]
[SourceVersion "1"]
[SourceVersionDate "2023.09.30"]
[SourceQuality "1"]

1. Nf3 Nf6 2. g3 g6 3. Bg2 Bg7 4. 0-0 0-0 5. d4 d6 6. b3 b5 7. Nbd2 Nbd7 8. c4 bxc4 9. bxc4 Rb8 10. Qa4 Nb6 11. Qa5 c5 12. dxc5 Nfd7 13. Rb1 Nxc5 14. Ba3 Bf5 15. Rb5 a6 16. Rxc5 dxc5 17. Bxc5 Re8 18. Qxa6 Nd7 19. Bd4 Ra8 20. Qb5 Rxa2 21. Bxg7 Kxg7 22. c5 Qa5 23. Qxa5 Rxa5 24. c6 Nf6 25. Nd4 Rd8 26. N2b3 Ra4 27. Nxf5+ gxf5 28. Rc1 Ne8 29. e3 Nc7 30. Nd4 e6 31. Rb1 Kf6 32. Rb7 Rc8 33. Bf3 h6 34. Kg2 Ke5 35. Ne2 Kd6 36. Nc3 Ra5 37. Rb1 Rc5 38. Rd1+ Ke5 39. Ne2 Nd5 40. Nd4 Kf6 41. Ra1 Nb4 42. Ra4 Nd3 43. Be2 Ne5 44. Bf3 Nxf3 45. Nxf3 R5xc6 46. Rh4 Kg7 47. Rf4 Rc2 48. h3 R8c4 49. Nd4 Rc1 50. g4 Kf8 0-1

[Event "Speed Chess Q2 Sw"]
[Site "Chess.com INT"]
[Date "2023.08.23"]
[Round "3"]
[White "Sadhwani, Raunak"]
[Black "Meier, Georg"]
[Result "1-0"]
[WhiteElo "2624"]
[BlackElo "2629"]
[PlyCount "51"]
[EventDate "2023.08.23"]
[EventType "swiss (blitz)"]
[EventRounds "14"]
[EventCountry "USA"]
[SourceTitle "CBM 215 Extra"]
[Source "ChessBase"]
[SourceDate "2023.09.30"]
[SourceVersion "1"]
[SourceVersionDate "2023.09.30"]
[SourceQuality "1"]

1. c4 b6 2. Nc3 Bb7 3. d4 e6 4. Nf3 Bb4 5. Bg5 Nf6 6. Qc2 h6 7. Bh4 g5 8. Bg3 Ne4 9. Nd2 Bxc3 10. bxc3 Nxg3 11. hxg3 Nc6 12. e4 Qe7 13. Be2 0-0-0 14. c5 f5 15. cxb6 axb6 16. 0-0 fxe4 17. Nxe4 h5 18. Qa4 h4 19. g4 h3 20. g3 h2+ 21. Kh1 d5 22. Ba6 Bxa6 23. Qxa6+ Kd7 24. Nd2 Ra8 25. Qe2 Ra3 26. Nf3 1-0

[Event "Speed Chess Q2 Sw"]
[Site "Chess.com INT"]
[Date "2023.08.23"]
[Round "6"]
[White "Sarana, Alexey"]
[Black "Meier, Georg"]
[Result "1-0"]
[WhiteElo "2685"]
[BlackElo "2629"]
[PlyCount "97"]
[EventDate "2023.08.23"]
[EventType "swiss (blitz)"]
[EventRounds "14"]
[EventCountry "USA"]
[SourceTitle "CBM 215 Extra"]
[Source "ChessBase"]
[SourceDate "2023.09.30"]
[SourceVersion "1"]
[SourceVersionDate "2023.09.30"]
[SourceQuality "1"]

1. d4 e6 2. c4 b6 3. a3 Nf6 4. Nc3 Bb7 5. Bf4 Be7 6. e3 d6 7. Nf3 Nh5 8. Bd3 Nd7 9. Bg3 g6 10. Qe2 a6 11. 0-0 0-0 12. Rad1 Kg7 13. Be4 c6 14. d5 exd5 15. cxd5 c5 16. a4 Re8 17. Bd3 Kg8 18. Nd2 Bf8 19. Nc4 Nxg3 20. hxg3 Nf6 21. Qf3 h5 22. Qf4 Rb8 23. Bc2 Bc8 24. a5 b5 25. Nb6 Ng4 26. Qf3 Bg7 27. Ne4 Bxb2 28. Qe2 Bg7 29. f3 Nf6 30. Nf2 c4 31. f4 Ng4 32. e4 Rxb6 33. axb6 Qxb6 34. Kh1 Ne3 35. f5 Nxd1 36. Bxd1 Qd4 37. Qf3 Qc3 38. Qf4 Qe5 39. Qf3 gxf5 40. Qxh5 fxe4 41. Qh4 Qe7 42. Qh5 e3 43. Ng4 e2 44. Bxe2 Bxg4 45. Bxg4 b4 46. Bf5 b3 47. Bh7+ Kf8 48. Bg6 b2 49. Bxf7 1-0

[Event "Speed Chess Q2 Sw"]
[Site "Chess.com INT"]
[Date "2023.08.23"]
[Round "4"]
[White "Skliarov, Viktor"]
[Black "Meier, Georg"]
[Result "0-1"]
[WhiteElo "2383"]
[BlackElo "2629"]
[PlyCount "68"]
[EventDate "2023.08.23"]
[EventType "swiss (blitz)"]
[EventRounds "14"]
[EventCountry "USA"]
[SourceTitle "CBM 215 Extra"]
[Source "ChessBase"]
[SourceDate "2023.09.30"]
[SourceVersion "1"]
[SourceVersionDate "2023.09.30"]
[SourceQuality "1"]

1. e4 e6 2. d4 d5 3. e5 c5 4. c3 Nc6 5. Nf3 Bd7 6. a3 c4 7. Nbd2 Na5 8. g3 Ne7 9. h4 Nc8 10. Bh3 Nb6 11. 0-0 Ba4 12. Qe2 Be7 13. h5 h6 14. Ne1 Kd7 15. f4 g6 16. hxg6 fxg6 17. Bxe6+ Kxe6 18. Qg4+ Kf7 19. f5 gxf5 20. e6+ Kxe6 21. Qxf5+ Kd6 22. Ne4+ dxe4 23. Bf4+ Kc6 24. Qxa5 Qd5 25. Qxd5+ Nxd5 26. Be5 Rhf8 27. Ng2 Bg5 28. Nf4 e3 29. Rae1 Bc2 30. Kh2 Rae8 31. Nxd5 Kxd5 32. Rxf8 Rxf8 33. Bf4 Bxf4 34. gxf4 Ke4 0-1

[Event "Speed Chess Q2 Sw"]
[Site "Chess.com INT"]
[Date "2023.08.23"]
[Round "13"]
[White "Ter Sahakyan, Samvel"]
[Black "Meier, Georg"]
[Result "0-1"]
[WhiteElo "2609"]
[BlackElo "2629"]
[PlyCount "50"]
[EventDate "2023.08.23"]
[EventType "swiss (blitz)"]
[EventRounds "14"]
[EventCountry "USA"]
[SourceTitle "CBM 215 Extra"]
[Source "ChessBase"]
[SourceDate "2023.09.30"]
[SourceVersion "1"]
[SourceVersionDate "2023.09.30"]
[SourceQuality "1"]

1. e4 e6 2. d4 d5 3. e5 c5 4. c3 Nc6 5. Nf3 Bd7 6. Be2 Nge7 7. Na3 cxd4 8. cxd4 Nf5 9. Nc2 Be7 10. Bd3 0-0 11. h4 f6 12. Qe2 Qb6 13. Bxf5 exf5 14. 0-0 fxe5 15. dxe5 f4 16. Qd3 Bf5 17. Qxd5+ Kh8 18. Na3 Rad8 19. Qb3 Qc7 20. Nb5 Qc8 21. Rd1 Be4 22. Nd6 Bxd6 23. exd6 Qg4 24. Ne1 Bxg2 25. f3 Bxf3+ 0-1

[Event "FIDE World Cup"]
[Site "Baku"]
[Date "2023.08.03"]
[Round "2.2"]
[White "Meier, Georg"]
[Black "Santos Latasa, Jaime"]
[Result "1/2-1/2"]
[WhiteElo "2629"]
[BlackElo "2656"]
[PlyCount "39"]
[EventDate "2023.07.30"]
[EventType "k.o."]
[EventRounds "8"]
[EventCountry "AZE"]
[SourceTitle "EXT 2024"]
[Source "ChessBase"]
[SourceDate "2023.10.10"]
[SourceVersion "1"]
[SourceVersionDate "2023.10.10"]
[SourceQuality "1"]

1. Nf3 d5 2. g3 Nf6 3. Bg2 c5 4. 0-0 Nc6 5. d4 e6 6. c4 dxc4 7. dxc5 Qxd1 8. Rxd1 Bxc5 9. Nbd2 c3 10. bxc3 0-0 11. Nb3 Be7 12. c4 Bd7 13. Bb2 Rfd8 14. Nfd4 Rac8 15. Nb5 b6 16. Nd6 Rc7 17. Nb5 Rcc8 18. Nd6 Rc7 19. Nb5 Rcc8 20. Nd6 1/2-1/2

[Event "FIDE World Cup"]
[Site "Baku"]
[Date "2023.07.31"]
[Round "1.2"]
[White "Roselli Mailhe, Bernardo"]
[Black "Meier, Georg"]
[Result "1/2-1/2"]
[WhiteElo "2347"]
[BlackElo "2629"]
[PlyCount "98"]
[EventDate "2023.07.30"]
[EventType "k.o."]
[EventRounds "8"]
[EventCountry "AZE"]
[SourceTitle "EXT 2024"]
[Source "ChessBase"]
[SourceDate "2023.10.10"]
[SourceVersion "1"]
[SourceVersionDate "2023.10.10"]
[SourceQuality "1"]

1. d4 Nf6 2. c4 e6 3. Nf3 d5 4. Nc3 dxc4 5. e3 a6 6. a4 c5 7. Bxc4 Nc6 8. 0-0 Be7 9. Qe2 cxd4 10. Rd1 e5 11. exd4 exd4 12. Nxd4 Nxd4 13. Qe5 Qd6 14. Qxd4 Qxd4 15. Rxd4 0-0 16. Be3 Be6 17. Ne4 Bxc4 18. Rxc4 Rfc8 19. Nxf6+ Bxf6 20. Rb4 Rc7 21. g3 Kf8 22. Kg2 Be7 23. Rb3 Ke8 24. Bf4 Rd7 25. Rc1 Kd8 26. Be3 f5 27. h4 g6 28. Bb6+ Ke8 29. Ba5 Bd8 30. Re1+ Kf7 31. Bxd8 Raxd8 32. Rb6 Rc8 33. Re3 Rc6 34. Reb3 Rxb6 35. Rxb6 Re7 36. Kf3 Kg7 37. b3 Kh6 38. Rb4 Kh5 39. Rb6 Kh6 40. a5 Re5 41. b4 Re7 42. g4 Rf7 43. Kg3 fxg4 44. Kxg4 Rxf2 45. Rxb7 Rc2 46. Kg3 Rc3+ 47. Kg4 Rc4+ 48. Kg3 Rc3+ 49. Kg4 Rc4+ 1/2-1/2

[Event "Julius Baer Play In"]
[Site "Chess.com INT"]
[Date "2023.07.24"]
[Round "5.10"]
[White "Meier, Georg"]
[Black "Bok, Benjamin"]
[Result "1/2-1/2"]
[WhiteElo "2629"]
[BlackElo "2615"]
[PlyCount "74"]
[EventDate "2023.07.24"]
[EventType "swiss (rapid)"]
[EventRounds "9"]
[EventCountry "GER"]
[SourceTitle "CBM 215 Extra"]
[Source "ChessBase"]
[SourceDate "2023.09.30"]
[SourceVersion "1"]
[SourceVersionDate "2023.09.30"]
[SourceQuality "1"]

1. Nf3 c5 2. c4 Nc6 3. g3 g6 4. Bg2 Bg7 5. 0-0 e6 6. Nc3 Nge7 7. e3 0-0 8. d4 cxd4 9. Nxd4 Nxd4 10. exd4 d5 11. cxd5 Nxd5 12. Re1 b6 13. Nxd5 exd5 14. Bf4 Be6 15. Be5 Rc8 16. Qd2 Qd7 17. h4 h5 18. Re2 Rc6 19. Rae1 Rfc8 20. Bf3 Bg4 21. Qd3 Rc1 22. Bxg4 Qxg4 23. Kg2 Bxe5 24. Rxc1 Rxc1 25. dxe5 Qe6 26. b3 Kg7 27. Qd4 a5 28. a3 b5 29. Rd2 Re1 30. Qxd5 Qxe5 31. Qxe5+ Rxe5 32. Kf3 Re1 33. Rd5 Ra1 34. Rxb5 Rxa3 35. Ke4 Ra2 36. f4 a4 37. bxa4 Rxa4+ 1/2-1/2